[Event "Eindhoven WLC op 12th"]
[Site "Eindhoven"]
[Date "2022.05.14"]
[Round "3"]
[White "Lind, Jacco"]
[Black "Smit, Maarten"]
[Result "0-1"]
[WhiteElo "1801"]
[BlackElo "2056"]
[PlyCount "126"]
[EventDate "2022.05.13"]
[EventType "swiss"]
[EventRounds "6"]
[EventCountry "NED"]
[SourceTitle "CBM 208 Extra"]
[Source "ChessBase"]
[SourceDate "2022.07.31"]
[SourceVersion "1"]
[SourceVersionDate "2022.07.31"]
[SourceQuality "1"]

1. e4 c6 2. Nc3 d5 3. Nf3 Bg4 4. h3 Bh5 5. exd5 cxd5 6. g4 Bg6 7. Bb5+ Nc6 8. Ne5 Rc8 9. d4 e6 10. Qe2 Qe7 11. h4 f6 12. Nxg6 hxg6 13. Qd3 Qf7 14. Bd2 Bd6 15. 0-0-0 Nge7 16. f4 f5 17. gxf5 Nxf5 18. Rde1 Kf8 19. Bxc6 Rxc6 20. Nd1 Qf6 21. Bc3 Bxf4+ 22. Kb1 Rxh4 23. Rhf1 a6 24. Ne3 g5 25. Ng2 Rg4 26. Qh3 Nh6 27. Rf3 Kg8 28. Ref1 Qg6 29. Nxf4 gxf4 30. Rxf4 Rxf4 31. Rxf4 Qg5 32. Rf2 Nf5 33. a3 Qe3 34. Rf3 Qe2 35. Rd3 Rc8 36. Rd2 Qe3 37. Qg2 Nh4 38. Qe2 Qxe2 39. Rxe2 Kf7 40. Bd2 Nf5 41. c3 Rh8 42. Bf4 Rh4 43. Rf2 Rg4 44. Kc2 g5 45. Be5 Kg6 46. Kd2 Rg1 47. Bh2 Rb1 48. Kc2 Re1 49. Kd2 Re4 50. Re2 Rxe2+ 51. Kxe2 g4 52. Kf2 b5 53. Bf4 Kf6 54. Kg2 Ne7 55. Kg3 Kf5 56. Bd6 Ng8 57. Be5 Nh6 58. Bf4 Nf7 59. Bc7 Ng5 60. Kg2 Ne4 61. Bd8 Nd2 62. Be7 Nc4 63. b3 Nd2 0-1